00959cam a22002537a 4500003000500000005001700005008004100022010001000063011001000073035001000083040000900093100003400102245026000136260003900396300001000435502009400445650003600539650002300575650001400598650002800612650002400640650001700664650002400681CHAP20220329142643.0010920d2001 mx r 00110 spa d a86058 a87030 a97571 cCHAP00aVázquez Sánchez, Cecilio.10aEstudio de la incidencia de hongos fitopatógenos en la raíz y corona del cultivo de la fresa de acuerdo al tipo de suelo y aislamiento e identificación de rizobacterias antagónicas en la región de Irapuato, Gto.c/por Cecilio Vázquez Sánchez aIrapuato, Gto. :bEl autor,c1997. a61 h. aTesis (Ing. en Alimentos) -- Universidad de Guanajuato. Instituto de Ciencias Agrícolas14aFresaxEnfermedades por hongos.14aFresazGuanajuato.14aFusarium.14aHongos fitopatógenos.14aRhizoctonia solani.14aRizósfera.14aSuelosxAnálisis.